| 000 | 00377cam a2200157ua 4500 | ||
|---|---|---|---|
| 041 |
_aeng _h |
||
| 082 |
_a633.71 _bMIN/IN |
||
| 100 | _aMinister of agriculture, . | ||
| 245 | _aIndian tobacco: a monograph | ||
| 250 |
_a1 / _b. |
||
| 260 |
_aMadras : _bIndian central tobacco committee , _c1960. |
||
| 300 | _a413 ; . | ||
| 504 | _a | ||
| 942 | _cBK | ||
| 999 |
_c8766 _d8766 |
||